1663 1692 1419 1390 1433 1634 1064 1491 1511 1774 1661 1805 1326 1925 1775 1541 1459 1910 1496 1513 1402 1829 1859 1166 1361 1104 1269 1165 1298 1885 1468 1511 1659 1805 1721 1084 1465 1590 1233 1693 1696 1616 1707 1561 1871 1078 1872 1265 1009 1686 1389 1855 1684 1178 1200 1511 1668 1863 1909 1381 1869 1118 1048 1271 1455 1790 1728 1698 1088 1328 1746 1186 1967 1790 1471 1655 1630 1080 1157 1737 1310 1455 1170 1449 1028 1549 1616 1188 1783 1457 1148 1595 1885 1456 1028 1653 1720 1376 1260 BCNSPRNW ULIB Ver.6.0+V

เปลี่ยนเป็นภาษาไทย

Change to English
 แสดงรายละเอียดบรรณานุกรม
  กลับหน้าหลัก

Brief Record : Get Marc (ISO 2709) : E-mail record : QR code < ปิดหน้าต่าง
LEADER : 00000nam 2200000uu 4500
001    13399128027
003     ULIB
008    220110s2563||||th 000 0 tha d
020    ^a9786165680349
050  4 ^aHF1118^bค695
245 00 ^aคู่มือติวสอบ CU Best : ตะลุยโจทย์ (TESTS & TRICKS) /^cโดย CU Best Club
250    ^aพิมพ์ครั้งที่ 2
260    ^aกรุงเทพฯ :^bส.พิจิตรการพิมพ์,^c2563
300    ^a355 หน้า :^bภาพประกอบ ;^c25 ซม.
650  4 ^aข้อสอบและเฉลย
945    ^p360^l0^i29174
999    ^aกัณชพร จุลอักษร
รายการนี้ยังไม่มีแท็ก
คุณยังไม่ได้ล็อกอิน คุณสามารถมีกิจกรรมร่วมกับเว็บไซต์ได้ แต่ต้องล็อกอินก่อน ::
  ล็อกอิน

รายการสื่อสารสนเทศ

ลำดับที่ ประเภท เลขเรียก/บาร์โค้ด สถานที่ สถานะ
1. วิทยาศาสตร์การแพทย์ และสุขภาพ
วิทยาศาสตร์การแพทย์ และสุขภาพ
HF1118 ค695 ฉ.1 
  Barcode: 29174
ห้องสมุดวิทยาเขตนครสวรรค์
►หนังสือทั่วไป:l:General Books
บนชั้น

รายการใกล้เคียง
    หัวเรื่อง [ข้อสอบและเฉลย]

BibComment


ยังไม่เคยถูกคอมเมนท์

คอมเมนท์ทรัพยากรรายการนี้
  คอมเมนท์: คู่มือติวสอบ CU ..


 Copyright 2026. Bcnsprnw @Library